00646nac a22002171u 4500010001600000082001400016090001500030100003400045245001100079250001400090260003800104300003100142490003100173500001500204500003500219504003000254650001100284942001600295999001500311952010200326 a 6601349900a297bF298 c2958d2958 aRahman, Fazlur, 10aIslam. a[1st ed.] aNew York,bAnchor Books,c[c1966] axi, 271 p.billus.c25 cm.0 aHistory of religion series aDonations. aDonations - Dr. Mostafa Gouda. aBibliography: p. 261-265. 0aIslam. cBBk297F298 c2958d2958 00104070aMAINbMAINcLOWd2013-03-07ePurchasel0o297 RAHp000001209r2025-07-15 00:00:00yBB